| 000 | 01242nam a22001577a 4500 | ||
|---|---|---|---|
| 999 |
_c515835 _d515835 |
||
| 008 | 210209b ||||| |||| 00| 0 eng d | ||
| 100 |
_aKumar, Avinash. and Hashmi, Nazia Iqbal _924302 |
||
| 245 | _aLabour market discrimination in India | ||
| 260 | _aThe Indian Journal of Labour Economics | ||
| 300 | _a63(1), Jan-Mar, 2020: p.177-188 | ||
| 520 | _aDiscrimination along lines of caste, religion, gender, region, language, etc. is a reality in India today as it has been for most of its history. The fault lines in the approach to understanding wage disparity are exposed in its once-too-often overlooking of the sociopolitical realities of their subjects. The paper aims to bring out the wage discrimination in Indian labour market in both rural and urban areas belonging to different occupational activities using the simple ordinary least square regression analysis and Blinder–Oaxaca decomposition method to show that the wage disparity among different social groups can be attributed to discrimination. – Reproduced | ||
| 650 |
_aWage, Disparity, Caste, Labour, Discrimination, Decomposition, Blinder–Oaxaca _921936 |
||
| 773 | _aThe Indian Journal of Labour Economics | ||
| 906 | _aLABOUR MARKETS - INDIA | ||
| 942 | _cAR | ||